00660nam a2200181 a 450000100100000000500170001000800410002704000250006808200080009310000260010124501130012725000120024026000450025230000210029770000350031895201080035399900170046100003981720201002033742.0130723s1974 ag 000 0 spa d aDO-SdBNPbspacBNPHU axxx1 aCarnegie, Dale96179910aCómo suprimir las preocupaciones y disfrutar de la vida /cDale Carnegie ; traducción Miguel de Hernani. a34a ed. aBuenos Aires, Argentina :bCosmo,c1974. a343 p. ;c20 cm.1 aHernani, Miguel de,etr.94206 001050718MOaGRbGRcCTd2013-07-23iLF1l0oxxx p39817-10r2020-06-25w2020-06-25y1ZNo se presta c39307d39307